Spezia Calcio Squad 2020-2021 - Statistics

General Stats
  • This quiz has been taken 21 times
    6 since last reset
  • The average score is 24 of 37
Answer Stats
# Position Nation Player % Correct
9 FW Bulgaria Andrey Galabinov
100%
34 DF Albania Ardian Ismajli
100%
11 FW Ghana Emmanuel Gyasi
100%
25 MF Italy Giulio Maggiore
100%
94 GK Italy Ivan Provedel
100%
1 GK Netherlands Jeroen Zoet
100%
80 MF Colombia Kevin Agudelo
100%
28 DF Croatia Martin Erlić
100%
18 FW France M'Bala Nzola
100%
21 DF Spain Salva Ferrer
100%
20 DF Italy Simone Bastoni
100%
19 DF Italy Claudio Terzi
80%
31 FW Italy Daniele Verde
80%
17 FW Brazil Diego Farias
80%
24 MF Argentina Nahuel Estévez
80%
77 GK Brazil Rafael
80%
91 FW Italy Roberto Piccoli
80%
- Coach Italy Vincenzo Italiano
80%
4 MF Italy Gennaro Acampora
60%
10 MF France Lucien Agoume
60%
8 MF Italy Matteo Ricci
60%
5 DF Italy Riccardo Marchizza
60%
26 MF Italy Tommaso Pobega
60%
27 MF Italy Alessandro Deiola
40%
3 DF Uruguay Juan Ramos
40%
22 DF Germany Julian Chabot
40%
88 MF Brazil Léo Sena
40%
6 MF Italy Luca Mora
40%
69 DF Italy Luca Vignali
40%
16 MF Italy Paolo Bartolomei
40%
23 MF Italy Riccardo Saponara
40%
39 DF Italy Cristian Dell'Orco
20%
13 DF Italy Elio Capradossi
20%
14 DF Italy Federico Mattiello
20%
15 FW Italy Giuseppe Mastinu
20%
7 DF Italy Jacopo Sala
20%
12 GK Lithuania Titas Krapikas
20%
No matching quizzes found
Score Distribution
Percent of People with Each Score
Percentile by Number Answered
Your Score History
You have not taken this quiz since the last reset